| 000 | 00584nam a2200193 a 4500 | ||
|---|---|---|---|
| 005 | 20210223123608.0 | ||
| 008 | 991125s1984 mx 000 0 spa u | ||
| 020 | _a968451073X | ||
| 035 | _aUPN01000056365 | ||
| 049 | _aCG | ||
| 050 | 4 |
_aQA184 _bL5.28 |
|
| 100 | 1 |
_aLipschutz, S. Seymour, _d1931- _929039 |
|
| 245 | 1 | 0 |
_aTeoría y problemas de álgebra lineal / _cpor Seymour Lipschutz ; tr. Hugo Paredes Manchola. |
| 260 |
_aMéxico : _bMcGraw-Hill, _c1984. |
||
| 300 |
_a334 p. : _bil. |
||
| 440 | 0 | _aSerie de compendios Schaum | |
| 650 | 4 |
_aALGEBRA LINEAL _92156 |
|
| 905 | _aLibro | ||
| 999 |
_c56365 _d56365 |
||